| 000 | 00747nam a22002295a 4500 | ||
|---|---|---|---|
| 005 | 20161119125358.0 | ||
| 008 | 161031t2016 nyua frb 001 0 eng d | ||
| 020 | _a9781681173436 | ||
| 040 |
_aEG-ScBUE _beng _cEG-ScBUE _dEG-ScBUE |
||
| 082 | 0 | 4 |
_a660.2804 _bCHE _222 |
| 245 | 0 | 0 |
_aChemical process safety / _ceditor, Aarti Kashyap. |
| 260 |
_aNew York : _bSCITUS Academics, _cc.2016. |
||
| 300 |
_avi, 257 p. : _bill. ; _c24 cm. |
||
| 500 | _aIndex : p. 255-2257. | ||
| 504 | _aIncludes bibliographical references. | ||
| 590 | _aSuzan Ashmawy ; revised by Fouad. | ||
| 650 | 7 |
_aChemical processes _xSafety measures. _2BUEsh _924637 |
|
| 651 | _2BUEsh | ||
| 653 |
_bENGCHE _cOctober2016 |
||
| 700 | 1 |
_aKashyap, Aarti, _eeditor. |
|
| 942 | _2ddc | ||
| 999 |
_c22944 _d22916 |
||